[Event "CHN-chT"]
[Site "Qingdao"]
[Date "2024.04.09"]
[Round "8.3"]
[White "Wu, Kaitao"]
[Black "Yuan, Qijun"]
[Result "1-0"]
[WhiteElo "2003"]
[BlackElo "1587"]
[PlyCount "37"]
[EventDate "2024.04.02"]
[EventType "team-swiss"]
[EventRounds "9"]
[EventCountry "CHN"]
[SourceTitle "CB16_2024"]
[SourceDate "2024.04.17"]
[SourceVersion "1"]
[SourceVersionDate "2024.04.17"]
[SourceQuality "1"]
[WhiteTeam "Zhejiang"]
[BlackTeam "Liaoning"]
[WhiteTeamCountry "CHN"]
[BlackTeamCountry "CHN"]

1. e4 c5 2. Nf3 e6 3. c4 Nc6 4. Nc3 g6 5. d4 cxd4 6. Nxd4 Nxd4 7. Qxd4 Qf6 8. e5 Qd8 9. Ne4 h6 10. Be2 b6 11. Bf3 Rb8 12. 0-0 Bb7 13. Rd1 Bxe4 14. Qxe4 Bc5 15. a3 b5 16. b4 Be7 17. Be3 a6 18. Ba7 Rc8 19. c5 1-0

[Event "Belt and Road Hunan op-C"]
[Site "Changsha"]
[Date "2019.07.31"]
[Round "4"]
[White "Wu, Kaitao"]
[Black "Wang, Alex Yuxuan"]
[Result "1-0"]
[WhiteElo "1989"]
[BlackElo "1713"]
[PlyCount "87"]
[EventDate "2019.07.29"]
[EventType "swiss"]
[EventRounds "9"]
[EventCountry "CHN"]
[SourceTitle "EXT 2020"]
[Source "ChessBase"]
[SourceDate "2019.10.17"]
[SourceVersion "1"]
[SourceVersionDate "2019.10.17"]
[SourceQuality "1"]

1. e4 c5 2. b3 Nc6 3. Bb5 Nd4 4. Bd3 g6 5. Ne2 Bg7 6. Nxd4 Bxd4 7. c3 Bg7 8. 0-0 d6 9. Bc2 Nf6 10. d4 cxd4 11. cxd4 0-0 12. Bb2 Qa5 13. Nd2 Rd8 14. Bd3 Qg5 15. Re1 Nh5 16. Bf1 Nf4 17. Kh1 Bg4 18. f3 Bd7 19. g3 Ne6 20. f4 Qa5 21. Nc4 Qc7 22. Rc1 b5 23. Ne3 Qa5 24. a3 Nc7 25. Bc3 Qb6 26. Bg2 e6 27. Qd2 a5 28. d5 Bxc3 29. Qxc3 Ne8 30. dxe6 fxe6 31. f5 Rac8 32. Qd3 Ng7 33. Rxc8 Bxc8 34. Ng4 Rf8 35. fxg6 hxg6 36. e5 Nf5 37. exd6 Qxd6 38. Qc3 Qd4 39. Qf3 Nh4 40. Qe4 Qxe4 41. Bxe4 Nf5 42. Rc1 Nd4 43. Rc7 Kh8 44. Ne5 1-0

[Event "Belt and Road Hunan op-C"]
[Site "Changsha"]
[Date "2019.07.30"]
[Round "2"]
[White "Wu, Kaitao"]
[Black "Long, Enze"]
[Result "1-0"]
[WhiteElo "1989"]
[BlackElo "1488"]
[PlyCount "37"]
[EventDate "2019.07.29"]
[EventType "swiss"]
[EventRounds "9"]
[EventCountry "CHN"]
[SourceTitle "EXT 2020"]
[Source "ChessBase"]
[SourceDate "2019.10.17"]
[SourceVersion "1"]
[SourceVersionDate "2019.10.17"]
[SourceQuality "1"]

1. e4 c5 2. Nf3 d6 3. d4 cxd4 4. Nxd4 Nf6 5. Nc3 Nc6 6. Bc4 e6 7. Be3 Be7 8. 0-0 0-0 9. f4 d5 10. exd5 exd5 11. Be2 Bc5 12. Kh1 Bxd4 13. Bxd4 Nxd4 14. Qxd4 Bf5 15. Rac1 Qd7 16. Bf3 Qe6 17. Qe3 Qb6 18. Qxb6 axb6 19. Nxd5 1-0

[Event "CHN Team"]
[Site "Beijing"]
[Date "2017.06.13"]
[Round "8.4"]
[White "Wu, Kaitao"]
[Black "Chen, Baining"]
[Result "1-0"]
[WhiteElo "1923"]
[BlackElo "2053"]
[PlyCount "81"]
[EventDate "2017.06.06"]
[EventType "team-swiss"]
[EventRounds "9"]
[EventCountry "CHN"]
[SourceTitle "CBM 178 Extra"]
[Source "ChessBase"]
[SourceDate "2017.06.22"]
[SourceVersion "1"]
[SourceVersionDate "2017.06.22"]
[SourceQuality "1"]
[WhiteTeam "Zhejiang"]
[BlackTeam "Shenzhen"]
[WhiteTeamCountry "CHN"]
[BlackTeamCountry "CHN"]

1. e4 c5 2. f4 d6 3. Nf3 Nc6 4. Nc3 g6 5. Bc4 Bg7 6. 0-0 Nf6 7. d3 0-0 8. a3 a6 9. Kh1 b5 10. Ba2 b4 11. axb4 Nxb4 12. Bb3 d5 13. e5 Ne8 14. Na4 Qc7 15. c3 c4 16. cxb4 cxb3 17. Qxb3 Be6 18. Nd4 Qd8 19. Be3 Bd7 20. Nc5 Nc7 21. Rfc1 e6 22. Qc2 Nb5 23. Nxa6 Nxd4 24. Bxd4 Qh4 25. Nc5 Bb5 26. Qd2 Bh6 27. g3 Qh5 28. Kg2 g5 29. fxg5 Qxg5 30. Qxg5+ Bxg5 31. Rd1 Rxa1 32. Rxa1 Be7 33. Ra7 Bxc5 34. bxc5 Bxd3 35. b4 Rc8 36. Rb7 Kf8 37. b5 Ke8 38. c6 Ra8 39. Bc5 d4 40. Bxd4 Be4+ 41. Kh3 1-0

[Event "Bai Xue Cup"]
[Site "Ningbo"]
[Date "2017.05.01"]
[Round "7"]
[White "Chen, Mingze"]
[Black "Wu, Kaitao"]
[Result "0-1"]
[WhiteElo "1769"]
[BlackElo "1945"]
[PlyCount "48"]
[EventDate "2017.04.29"]
[EventType "swiss"]
[EventRounds "7"]
[EventCountry "CHN"]
[SourceTitle "EXT 2018"]
[Source "ChessBase"]
[SourceDate "2017.10.13"]
[SourceVersion "1"]
[SourceVersionDate "2017.10.13"]
[SourceQuality "1"]

1. Nf3 b6 2. d4 Bb7 3. Bf4 e6 4. e3 f5 5. Bd3 Nf6 6. h3 g6 7. Nbd2 Bg7 8. Qe2 0-0 9. 0-0-0 d5 10. Ne5 c5 11. c3 Nc6 12. Nxc6 Bxc6 13. g4 a5 14. gxf5 exf5 15. Bb5 Qd7 16. Bxc6 Qxc6 17. Nf3 c4 18. Ne5 Qb7 19. Rhg1 b5 20. h4 Ra6 21. h5 Nxh5 22. Bh6 b4 23. Bxg7 Nxg7 24. Qc2 Rb8 0-1

[Event "Bai Xue Cup"]
[Site "Ningbo"]
[Date "2017.04.30"]
[Round "5"]
[White "Wu, Kaitao"]
[Black "Liu, Chuming"]
[Result "1-0"]
[WhiteElo "1945"]
[BlackElo "1308"]
[PlyCount "75"]
[EventDate "2017.04.29"]
[EventType "swiss"]
[EventRounds "7"]
[EventCountry "CHN"]
[SourceTitle "EXT 2018"]
[Source "ChessBase"]
[SourceDate "2017.10.13"]
[SourceVersion "1"]
[SourceVersionDate "2017.10.13"]
[SourceQuality "1"]

1. e4 d5 2. exd5 Qxd5 3. Nc3 Qd6 4. Bc4 Be6 5. Bxe6 Qxe6+ 6. Nge2 Nf6 7. d4 Nbd7 8. 0-0 0-0-0 9. Bf4 a6 10. h3 Nb6 11. Bh2 Nfd5 12. Nxd5 Qxd5 13. b3 e6 14. c4 Qe4 15. Qd2 Be7 16. Rad1 Rd7 17. Nc3 Qg6 18. Qe3 Bf6 19. a4 Rhd8 20. a5 Na8 21. d5 Kb8 22. dxe6 Rxd1 23. Nxd1 fxe6 24. Qxe6 Qh5 25. Ne3 Qxa5 26. Nd5 Bd4 27. Qe4 Qd2 28. Qxh7 Re8 29. Bg3 a5 30. Qg6 Re2 31. Qf7 Ka7 32. Nxc7 Nxc7 33. Qxc7 Qc3 34. Qb8+ Ka6 35. Qa8+ Kb6 36. Qd8+ Ka6 37. Qd5 Qxg3 38. Qb5+ 1-0

[Event "Ivy op 01st"]
[Site "Hangzhou"]
[Date "2017.01.19"]
[Round "2.6"]
[White "Chen, Mingze"]
[Black "Wu, Kaitao"]
[Result "0-1"]
[WhiteElo "1772"]
[BlackElo "1953"]
[PlyCount "68"]
[EventDate "2017.01.18"]
[EventType "swiss"]
[EventRounds "9"]
[EventCountry "CHN"]
[SourceTitle "EXT 2024"]
[Source "ChessBase"]
[SourceDate "2023.10.10"]
[SourceVersion "1"]
[SourceVersionDate "2023.10.10"]
[SourceQuality "1"]

1. e4 b6 2. d4 Bb7 3. Bd3 e6 4. Nf3 d6 5. 0-0 Nd7 6. c4 g6 7. Bg5 Ne7 8. Nc3 Bg7 9. Re1 a6 10. d5 e5 11. b4 0-0 12. Rc1 Bc8 13. Na4 h6 14. Bh4 f5 15. exf5 gxf5 16. Nd4 Nf6 17. Nb3 Ng6 18. Bxf6 Qxf6 19. c5 b5 20. Nc3 e4 21. Bf1 Ne5 22. cxd6 Qxd6 23. a3 Rf6 24. Nd4 Rg6 25. a4 Qxb4 26. Kh1 Ng4 27. Re2 Qxd4 28. Qb3 Nxf2+ 29. Rxf2 Qxf2 30. Ne2 Kh7 31. axb5 f4 32. Qd1 Bh3 33. gxh3 Qf3+ 34. Bg2 Qxg2# 0-1